00301nam a2200121Ia 4500008004100000041000800041082001700049100001300066245002500079260003300104300003100137365001100168240624s9999 xx 000 0 und d aeng a658.4092 SAH aSAHU R K aSTRATEGIC LEADERSHIP c2009aNew DelhibExcel Books axiv, : 599 : p. : cm. ; 24 cRSb32